| 000 | 00996cam a2200241 4500 | ||
|---|---|---|---|
| 001 | WB3547-34 | ||
| 008 | 000000n1999 000 0 eng u | ||
| 035 | _a(Sirsi) u103009 | ||
| 245 | _aRole of training gets due recognition | ||
| 260 | _c1999 | ||
| 490 |
_aNegotiator _v14(23) 26 November 1999, 5(1) |
||
| 520 | _aFollowing its receipt of Government recognition, the Residential Estate Agency Training and Education Association (REATEA) will become the Property Services National Training Organisation (PSNTO). The organisation will promote the importance of training in the property industry. | ||
| 590 | _aWB | ||
| 650 | _aREATEA | ||
| 650 | _aRESIDENTIAL ESTATE AGENCY TRAINING AND EDUCATION ASSOCIATION | ||
| 650 | _aPROPERTY SERVICES NATIONAL TRAINING ORGANISATION | ||
| 650 | _aPSNTO | ||
| 650 | _aCAREERS, EDUCATION AND TRAINING | ||
| 650 | _aESTATE AGENCY | ||
| 650 | _aPROPERTY INDUSTRY | ||
| 690 | _aMANAGEMENT-BUSINESS MANAGEMENT-PROFESSIONAL PRACTICE | ||
| 942 | _n0 | ||
| 999 |
_c61896 _d61896 |
||